<?xml version="1.0" encoding="UTF-8"?>
<record
    xmlns:xsi="http://www.w3.org/2001/XMLSchema-instance"
    xsi:schemaLocation="http://www.loc.gov/MARC21/slim http://www.loc.gov/standards/marcxml/schema/MARC21slim.xsd"
    xmlns="http://www.loc.gov/MARC21/slim">

  <leader>01677nam0a2200373   4500</leader>
  <controlfield tag="001">RU\NLR\BIBL_A\011836729</controlfield>
  <controlfield tag="005">20250626135749.0</controlfield>
  <datafield tag="010" ind1=" " ind2=" ">
    <subfield code="a">978-5-389-06570-3</subfield>
    <subfield code="9">4000</subfield>
  </datafield>
  <datafield tag="035" ind1=" " ind2=" ">
    <subfield code="a">(NILC)LIBNET\0000574372</subfield>
  </datafield>
  <datafield tag="035" ind1=" " ind2=" ">
    <subfield code="a">(NLR Aleph) 011836729</subfield>
  </datafield>
  <datafield tag="090" ind1=" " ind2=" ">
    <subfield code="a">12035050</subfield>
    <subfield code="c">12035050</subfield>
  </datafield>
  <datafield tag="100" ind1=" " ind2=" ">
    <subfield code="a">20181024d2014    |||y0rusy50      ca</subfield>
  </datafield>
  <datafield tag="101" ind1="0" ind2=" ">
    <subfield code="a">rus</subfield>
    <subfield code="c">eng</subfield>
  </datafield>
  <datafield tag="102" ind1=" " ind2=" ">
    <subfield code="a">RU</subfield>
  </datafield>
  <datafield tag="105" ind1=" " ind2=" ">
    <subfield code="a">ac||z|||000zy</subfield>
  </datafield>
  <datafield tag="200" ind1="1" ind2=" ">
    <subfield code="a">&#x42D;&#x440;&#x43E;&#x442;&#x438;&#x43A;&#x430;</subfield>
    <subfield code="f">&#x425;&#x430;&#x43D;&#x441; &#x42E;&#x440;&#x433;&#x435;&#x43D; &#x414;&#x435;&#x43F;&#x43F;, &#x414;&#x436;&#x43E; &#x410;. &#x422;&#x43E;&#x43C;&#x430;&#x441;, &#x412;&#x438;&#x43A;&#x442;&#x43E;&#x440;&#x438;&#x44F; &#x427;&#x430;&#x440;&#x43B;&#x44C;&#x437;</subfield>
    <subfield code="g">[&#x43F;&#x435;&#x440;. &#x441; &#x430;&#x43D;&#x433;&#x43B;. &#x418;. &#x41A;&#x443;&#x431;&#x435;&#x440;&#x441;&#x43A;&#x43E;&#x433;&#x43E;]</subfield>
  </datafield>
  <datafield tag="210" ind1=" " ind2=" ">
    <subfield code="a">&#x421;&#x430;&#x43D;&#x43A;&#x442;-&#x41F;&#x435;&#x442;&#x435;&#x440;&#x431;&#x443;&#x440;&#x433; [&#x438; &#x434;&#x440;.]</subfield>
    <subfield code="c">&#x410;&#x437;&#x431;&#x443;&#x43A;&#x430; [&#x438; &#x434;&#x440;.]</subfield>
    <subfield code="d">2014</subfield>
  </datafield>
  <datafield tag="215" ind1=" " ind2=" ">
    <subfield code="a">543 &#x441;.</subfield>
    <subfield code="c">&#x438;&#x43B;., &#x446;&#x432;. &#x438;&#x43B;.</subfield>
    <subfield code="d">22</subfield>
  </datafield>
  <datafield tag="225" ind1="1" ind2=" ">
    <subfield code="a">1000 &#x448;&#x435;&#x434;&#x435;&#x432;&#x440;&#x43E;&#x432;</subfield>
  </datafield>
  <datafield tag="300" ind1=" " ind2=" ">
    <subfield code="a">&#x41D;&#x430; 2-&#x439; &#x441;. &#x441;&#x443;&#x43F;&#x435;&#x440;&#x43E;&#x431;&#x43B;. &#x430;&#x432;&#x442;.: &#x425;&#x430;&#x43D;&#x441; &#x42E;&#x440;&#x433;&#x435;&#x43D; &#x414;&#x435;&#x43F;&#x43F;, &#x430;&#x434;&#x44A;&#x44E;&#x43D;&#x43A;&#x442;-&#x43F;&#x440;&#x43E;&#x444;. &#x41A;&#x43B;&#x430;&#x440;&#x438;&#x43E;&#x43D;. &#x443;&#x43D;-&#x442;&#x430; &#x421;&#x428;&#x410; &#x414;&#x436;&#x43E; &#x410;. &#x422;&#x43E;&#x43C;&#x430;&#x441;, &#x438;&#x441;&#x43A;&#x443;&#x441;&#x441;&#x442;&#x432;&#x43E;&#x432;&#x435;&#x434; &#x412;&#x438;&#x43A;&#x442;&#x43E;&#x440;&#x438;&#x44F; &#x427;&#x430;&#x440;&#x43B;&#x44C;&#x437;</subfield>
  </datafield>
  <datafield tag="300" ind1=" " ind2=" ">
    <subfield code="a">&#x41D;&#x430; &#x441;&#x443;&#x43F;&#x435;&#x440;&#x43E;&#x431;&#x43B;. &#x430;&#x432;&#x442;. &#x43D;&#x435; &#x443;&#x43A;&#x430;&#x437;&#x430;&#x43D;&#x44B;</subfield>
  </datafield>
  <datafield tag="320" ind1=" " ind2=" ">
    <subfield code="a">&#x423;&#x43A;&#x430;&#x437;.: &#x441;. 542-543</subfield>
  </datafield>
  <datafield tag="333" ind1=" " ind2=" ">
    <subfield code="a">18+</subfield>
  </datafield>
  <datafield tag="606" ind1="1" ind2=" ">
    <subfield code="a">&#x42D;&#x440;&#x43E;&#x442;&#x438;&#x43A;&#x430;</subfield>
    <subfield code="x">&#x432; &#x438;&#x437;&#x43E;&#x431;&#x440;&#x430;&#x437;&#x438;&#x442;&#x435;&#x43B;&#x44C;&#x43D;&#x43E;&#x43C; &#x438;&#x441;&#x43A;&#x443;&#x441;&#x441;&#x442;&#x432;&#x435;</subfield>
    <subfield code="9">2121740</subfield>
    <subfield code="3">RU\NLR\AUTH\661281124</subfield>
  </datafield>
  <datafield tag="686" ind1="1" ind2=" ">
    <subfield code="a">&#x429;103(0)-3</subfield>
  </datafield>
  <datafield tag="700" ind1=" " ind2="1">
    <subfield code="a">&#x414;&#x451;&#x43F;&#x43F;</subfield>
    <subfield code="b">&#x425;. &#x42E;.</subfield>
    <subfield code="g">&#x425;&#x430;&#x43D;&#x441; &#x42E;&#x440;&#x433;&#x435;&#x43D;</subfield>
  </datafield>
  <datafield tag="701" ind1=" " ind2="1">
    <subfield code="a">&#x422;&#x43E;&#x43C;&#x430;&#x441;</subfield>
    <subfield code="b">&#x414;. &#x410;.</subfield>
    <subfield code="c">&#x430;&#x434;&#x44A;&#x44E;&#x43D;&#x43A;&#x442;-&#x43F;&#x440;&#x43E;&#x444;&#x435;&#x441;&#x441;&#x43E;&#x440;</subfield>
    <subfield code="g">&#x414;&#x436;&#x43E; &#x410;.</subfield>
  </datafield>
  <datafield tag="701" ind1=" " ind2="1">
    <subfield code="a">&#x427;&#x430;&#x440;&#x43B;&#x44C;&#x437;</subfield>
    <subfield code="b">&#x412;.</subfield>
    <subfield code="g">&#x412;&#x438;&#x43A;&#x442;&#x43E;&#x440;&#x438;&#x44F;</subfield>
  </datafield>
  <datafield tag="801" ind1=" " ind2="0">
    <subfield code="a">RU</subfield>
    <subfield code="b">&#x426;&#x413;&#x41F;&#x411; &#x421;&#x430;&#x43D;&#x43A;&#x442;-&#x41F;&#x435;&#x442;&#x435;&#x440;&#x431;&#x443;&#x440;&#x433;</subfield>
    <subfield code="c">20150805</subfield>
    <subfield code="g">rcr</subfield>
  </datafield>
  <datafield tag="942" ind1=" " ind2=" ">
    <subfield code="c">BOOK</subfield>
  </datafield>
  <datafield tag="980" ind1=" " ind2=" ">
    <subfield code="a">NB</subfield>
  </datafield>
  <datafield tag="980" ind1=" " ind2=" ">
    <subfield code="a">SUPPRESS</subfield>
  </datafield>
  <datafield tag="995" ind1=" " ind2=" ">
    <subfield code="5">2018-10-24</subfield>
    <subfield code="a">aa</subfield>
    <subfield code="b">NLR01</subfield>
    <subfield code="c">NLR01</subfield>
    <subfield code="e">RF81</subfield>
    <subfield code="f">1-2200046</subfield>
    <subfield code="k">2019-5/915</subfield>
    <subfield code="o">0</subfield>
    <subfield code="p">1290.00</subfield>
    <subfield code="r">BOOK</subfield>
    <subfield code="s">20195915_</subfield>
  </datafield>
</record>
